| 000 | 00406nam a2200169Ia 4500 | ||
|---|---|---|---|
| 008 | 230524s9999 xx 000 0 und d | ||
| 020 | _a812190479X | ||
| 082 |
_a624.1 _bSHA |
||
| 100 | _aS.K.Sharma | ||
| 245 | 2 | _aA Text Book of Building Construction | |
| 250 | _a1 | ||
| 260 |
_aNew Delhi _bS. Chand _c2014 |
||
| 300 | _a"1;626p," | ||
| 500 | _aQuantity Number: 45 | ||
| 650 | _aCivil | ||
| 942 | _cBK | ||
| 999 |
_c54539 _d54539 |
||